Catálogo - Centro de Recursos para el Aprendizaje y la Investigación

Volver al Sitio - CRAI Biblioteca
Vista normal Vista MARC
  • Barak, Aharon,

Entrada Nombre personal

Número de registros utilizados en: 1

001 - NÚMERO DE CONTROL

  • campo de control: 193500

003 - IDENTIFICADOR DEL NÚMERO DE CONTROL

  • campo de control: DR-UNIBE

005 - FECHA Y HORA DE LA ÚLTIMA TRANSACCIÓN

  • campo de control: 20250508103209.0

008 - DATOS DE LONGITUD FIJA

  • campo de control de longitud fija: 250326|| aca||aabn | a|a d

040 ## - FUENTE DE LA CATALOGACIÓN

  • Centro catalogador/agencia de origen: DR-UNIBE
  • Centro/agencia transcriptor: DR-UNIBE

100 ## - ENCABEZAMIENTO-NOMBRE DE PERSONA

  • Nombre de persona: Barak, Aharon,
  • Fechas asociadas al nombre: 1936-

670 ## - FUENTE DE DATOS ENCONTRADOS

  • Cita de la fuente: Work cat.: (DR-UNIBE)113381: Barak, Aharon autor, Un juez reflexiona sobre su labor : , 2008